02243nam a2200289Ia 450000500170000000800410001702000150005804000700007304100080014308200160015124501330016726000520030030000330035250003740038550508540075950600210161365000260163465100510166065100440171165100420175570000260179770000200182370000340184370000200187770000230189770000330192020210512101030.0130821s1990 sp fr 1 spa  a8484324095 aCo-BoUCMbspacSandra Yazo (modificó)dSandra Yazo (modificó)00aspa04a980.01322000aAmérica Latina en la época colonialcNicolás Sánchez-Albornoz...[et al.] traducción castellana de Amalia Diéguez ... aBarcelona (España)bEditorial Críticac1990 a370 páginasc23 x 15,5 cm. aDetalles físicos: encuadernación flexible, tapas impresas en cartulina a color, tapas con solapa. Guardas. Anteportada. Portada impresa en una sola tinta, selo de tinta. Texto impreso en una sola columna, algunos mapas y gráficos entre el texto. Al final índice alfabético. Ejemplar en buen estado de conservación. Colección incompleta, falta el volumen 12 aV.2: Economía y sociedad: La población de la América colonial española / Nicolás Sánchez-Albornoz ; Organización y cambio social en la América española colonial / James Lockhart ; Los africanos en la sociedad de la América española colonial / Frederick P. Bowser ; Las sociedades indias bajo el dominio español / Charles Gibson ; La minería en la Hispanoamérica colonial / Peter J. Bakewell ; Formación y estructura económica de la hacienda en Nueva España / Enrique Florescano ; Economía rural y sociedad colonial en las posesiones españolas de Sudamérica / Magnus Mörner ; Aspectos de la economía interna de la América española colonial: fuerza de trabajo, sistema tributario, distribución e intercambios / Murdo J. MacLeod ; El desarrollo urbano de la Hispanoamérica colonial / Richard M. Morse aConsulta en sala04aHistoria de América aAmérica LatinavAspectos socialesySiglo xvi aAmérica LatinaxEconomíaySiglo xvi aAmérica LatinaxHistoriaySiglo xvi1 aBowser, Frederick P. 1 aLockhart, James1 aSánchez-Albornoz, Nicolás1 aGibson, Charles1 aBakewell, Peter J.1 aDiéguez, Amaliaetraductor